Normal view
MARC view
Entry Personal Name
001 - CONTROL NUMBER
- control field: 72386
003 - CONTROL NUMBER IDENTIFIER
- control field: dpl
005 - DATE AND TIME OF LATEST TRANSACTION
- control field: 20241004143638.0
008 - FIXED-LENGTH DATA ELEMENTS
- fixed length control field: 241004|| aca||aabn | a|a d
040 ## - CATALOGING SOURCE
- Original cataloging agency: dpl
- Transcribing agency: dpl
100 ## - HEADING--PERSONAL NAME
- Personal name: Maheshwari, Bharat P
670 ## - SOURCE DATA FOUND
- Source citation: Work cat.: (dpl)206112: Maheshwari, Bharat P., The Bharatiya Nyaya Sanhita, 2023 (45 of 2023 & TheIndian Penal Code (45 of 1860)/, 2024
